000 00867nam a22002777a 4500
001 BR7200303
003 BR-BrBNA
005 20230928083750.0
007 ta
008 230509b bl.||||| |||| 00| 0 por d
040 _aBR-BrBNA
_bpor
_cBiblioteca Nacional de Agricultura
041 _a(Por)
072 _aD50; E10
_b/G514
090 _ D50 BR7200303
110 1 _aSecretaria de Abastecimento e Agricultura do Estado da Guanabara, Rio de Janeiro (Brasil). Servico de Assistencia Juridica
_98593
245 1 _aColetanea de legislacao agraria [Reforma agraria; Legislacao; Brasil]
_bParte geral
260 3 _aRio de Janeiro, GB (Brasil):
_c1972.
300 _a218 p.
650 _aLegislacao
650 _aMacroeconomia
650 _aReforma agraria
650 _aDecreto
650 _aDecreto-lei
909 _a202309
_bLucia
_c55
_dLucia Elande
942 _cBK
999 _c15133
_d15133